[Event "XVIII Festival A"]
[Site "Campobasso ITA"]
[Date "2011.07.22"]
[Round "2"]
[White "Di Lascio, Savino"]
[Black "Rossetti, Giovanni"]
[Result "1-0"]
[WhiteElo "1982"]
[BlackElo "1891"]
[PlyCount "57"]
[EventDate "2011.07.22"]

1. e4 g6 2. Nf3 Bg7 3. h4 h5 4. Bc4 e6 5. Nc3 Ne7 6. d4 d5 7. Bd3 dxe4 8. Nxe4
Nbc6 9. c3 O-O 10. Bg5 f6 11. Bf4 e5 12. dxe5 Nxe5 13. Nxf6+ Rxf6 14. Bxe5 Re6
15. Bc4 Qxd1+ 16. Rxd1 Bxe5 17. Nxe5 Kg7 18. Bxe6 Bxe6 19. b3 a5 20. O-O a4 21.
c4 Nf5 22. Rfe1 Kf6 23. Nxg6 Bxc4 24. bxc4 Kxg6 25. Rd7 Nxh4 26. Rxc7 Ra5 27.
Rxb7 Rc5 28. Re4 Nf5 29. Rb5 1-0

[Event "XVIII Festival A"]
[Site "Campobasso ITA"]
[Date "2011.07.22"]
[Round "2"]
[White "Distaso, Antonio"]
[Black "D'Aquino, Ugo"]
[Result "0-1"]
[WhiteElo "2022"]
[BlackElo "1925"]
[PlyCount "142"]
[EventDate "2011.07.22"]

1. e4 c5 2. Nf3 Nc6 3. d4 cxd4 4. Nxd4 Nf6 5. Nc3 e5 6. Ndb5 d6 7. Nd5 Nxd5 8.
exd5 Nb8 9. c4 a6 10. Nc3 Be7 11. Bd3 O-O 12. O-O f5 13. b4 Nd7 14. Qb3 e4 15.
Be2 Bf6 16. Bb2 Be5 17. Na4 Qh4 18. Bxe5 Nxe5 19. g3 Qh3 20. f4 exf3 21. Bxf3
f4 22. Bg2 Qg4 23. gxf4 Rxf4 24. Nb2 Bf5 25. Qg3 Rxf1+ 26. Rxf1 Qd4+ 27. Qf2
Qxf2+ 28. Rxf2 Bd7 29. Re2 a5 30. a3 axb4 31. axb4 Ra1+ 32. Kf2 Ra2 33. Be4
Ng4+ 34. Ke1 b6 35. h4 g6 36. Kd1 Ne5 37. Rd2 Ra3 38. Nd3 Nxc4 39. Rf2 Ra1+ 40.
Kc2 Ra2+ 41. Kc3 Rxf2 42. Nxf2 Ne5 43. Kd4 Kg7 44. Bg2 Bf5 45. Be4 Kh6 46. Ke3
Ng4+ 47. Nxg4+ Bxg4 48. Kf4 Kh5 49. Kg3 Be2 50. Bc2 Bc4 51. Be4 Be2 52. Bc2 h6
53. Ba4 b5 54. Bc2 g5 55. hxg5 Kxg5 56. Bh7 h5 57. Bg8 h4+ 58. Kh2 Bc4 59. Be6
Kf4 60. Bd7 Ke4 61. Bc6 Kd4 62. Kh3 Kc3 63. Kxh4 Kxb4 64. Kg4 Kc5 65. Kf4 Bxd5
66. Bd7 Kc4 67. Ke3 b4 68. Kd2 Kb3 69. Bf5 Ka2 70. Kc1 b3 71. Bb1+ Ka1 0-1

[Event "XVIII Festival A"]
[Site "Campobasso ITA"]
[Date "2011.07.22"]
[Round "2"]
[White "Ficco, Corrado"]
[Black "Pescatore, Lorenzo"]
[Result "0-1"]
[WhiteElo "2127"]
[BlackElo "2121"]
[PlyCount "48"]
[EventDate "2011.07.22"]

1. e4 e5 2. Nf3 Nc6 3. Bb5 a6 4. Ba4 Nf6 5. O-O Be7 6. Re1 b5 7. Bb3 d6 8. c3
O-O 9. h3 Na5 10. Bc2 c5 11. d4 Nd7 12. Nbd2 exd4 13. cxd4 Nc6 14. Nf1 cxd4 15.
Nxd4 Nxd4 16. Qxd4 Ne5 17. Qd1 Bb7 18. Ne3 Bf6 19. Nd5 Bxd5 20. exd5 Re8 21.
Bf4 Nc4 22. b3 Bxa1 23. Qxa1 Qa5 24. Rb1 Na3 0-1

[Event "XVIII Festival A"]
[Site "Campobasso ITA"]
[Date "2011.07.22"]
[Round "2"]
[White "Galasso, Luigi"]
[Black "Cangiano, Federico"]
[Result "0-1"]
[WhiteElo "2030"]
[BlackElo "1957"]
[PlyCount "94"]
[EventDate "2011.07.22"]

1. c4 e6 2. Nc3 Nf6 3. e4 Bb4 4. e5 Ng8 5. d4 Ne7 6. Bd3 c5 7. a3 cxd4 8. axb4
dxc3 9. bxc3 Nbc6 10. Nf3 Ng6 11. Bxg6 hxg6 12. O-O b6 13. Qe2 Bb7 14. Rd1 Qc7
15. Bf4 O-O 16. Rd6 a5 17. b5 Ne7 18. Rad1 Rad8 19. Be3 Nc8 20. R6d4 Bxf3 21.
Qxf3 Qxe5 22. Bf4 Qc5 23. Be3 Qc7 24. Rf4 Ne7 25. Bc1 Nf5 26. Re4 Qc5 27. g4
Ne7 28. Be3 Qc7 29. Bc1 f6 30. Ba3 Kf7 31. Qe3 Rh8 32. Bd6 Qb7 33. Red4 g5 34.
f4 gxf4 35. Qxf4 Ng6 36. Qg3 e5 37. R4d2 Nf4 38. h4 Qe4 39. Re1 Qxc4 40. Re3
Qxb5 41. Bc7 Rc8 42. c4 Qc6 43. Bd6 Qxc4 44. Ba3 d5 45. Rf2 b5 46. g5 d4 47.
g6+ Nxg6 0-1

[Event "XVIII Festival A"]
[Site "Campobasso ITA"]
[Date "2011.07.22"]
[Round "2"]
[White "Grasso, Nino"]
[Black "Bove, Raffaele"]
[Result "1-0"]
[WhiteElo "1987"]
[BlackElo "1905"]
[PlyCount "131"]
[EventDate "2011.07.22"]

1. e4 g6 2. d4 Bg7 3. Nc3 d6 4. Be3 c6 5. Qd2 b5 6. Bd3 Bb7 7. h4 h5 8. O-O-O
Nd7 9. Nf3 Nh6 10. Rhe1 Nb6 11. Ng5 Nc4 12. Bxc4 bxc4 13. f4 Bc8 14. d5 c5 15.
e5 O-O 16. Qe2 Bg4 17. Nf3 Nf5 18. Bf2 dxe5 19. fxe5 Bh6+ 20. Kb1 Rb8 21. Qxc4
Qc7 22. Rd3 Rfc8 23. Ne4 Rb4 24. Qc3 Rcb8 25. Qxc5 Rxb2+ 26. Ka1 Qxc5 27. Bxc5
Rxc2 28. Rb1 Rc8 29. Ba3 Bg7 30. Bb2 Rxg2 31. d6 Rxb2 32. Kxb2 exd6 33. Nf6+
Bxf6 34. exf6 Nh6 35. Re1 Rb8+ 36. Kc3 Nf5 37. Ng5 Rd8 38. Rb1 a6 39. Rb7 Rf8
40. Kb4 Be2 41. Rd2 Bf1 42. Ka5 Bc4 43. Rdb2 Bb5 44. a4 Be8 45. R2b4 d5 46.
Kxa6 Nd6 47. Rc7 d4 48. Kb6 d3 49. Rd4 Nf5 50. Rxd3 Bxa4 51. Ra7 Bc2 52. Rda3
Nd6 53. Kc5 Ne4+ 54. Nxe4 Bxe4 55. Re7 Bb1 56. Raa7 Bf5 57. Kd6 Bc2 58. Ke5 Bb3
59. Kf4 Rc8 60. Kg5 Kh7 61. Rxf7+ Bxf7 62. Rxf7+ Kh8 63. Kxg6 Rg8+ 64. Rg7 Ra8
65. Rh7+ Kg8 66. f7+ 1-0

[Event "XVIII Festival A"]
[Site "Campobasso ITA"]
[Date "2011.07.22"]
[Round "2"]
[White "Ionescu, Doru-Alexandru"]
[Black "Gatti, Francesco"]
[Result "1-0"]
[WhiteElo "2376"]
[BlackElo "1790"]
[PlyCount "63"]
[EventDate "2011.07.22"]

1. e4 c5 2. Nf3 d6 3. d4 cxd4 4. Nxd4 Nf6 5. Nc3 a6 6. Bc4 e6 7. Bb3 b5 8. O-O
Be7 9. Qf3 Qc7 10. Qg3 Bb7 11. Bxe6 fxe6 12. Nxe6 Qb6 13. Nxg7+ Kf7 14. Nf5 Bf8
15. Be3 Qc6 16. Rad1 Rg8 17. Qh3 Nbd7 18. Nd4 Qc4 19. f3 Re8 20. Nf5 Qc6 21.
Rd4 Re6 22. Rfd1 Nb6 23. Nd5 Nbd7 24. Nf4 Re5 25. c3 Ke8 26. Nxd6+ Bxd6 27.
Rxd6 Qc8 28. Bd4 Rgg5 29. Ne6 Ke7 30. Nxg5 Kxd6 31. Bxe5+ Kxe5 32. Qf5# 1-0

[Event "XVIII Festival A"]
[Site "Campobasso ITA"]
[Date "2011.07.22"]
[Round "2"]
[White "Kunin, Vitaly"]
[Black "Valsecchi, Alessio"]
[Result "0-1"]
[WhiteElo "2562"]
[BlackElo "2354"]
[PlyCount "86"]
[EventDate "2011.07.22"]

1. d4 Nf6 2. c4 c5 3. d5 e6 4. Nc3 exd5 5. cxd5 d6 6. g3 g6 7. Bg2 Bg7 8. Nf3
O-O 9. O-O Re8 10. Nd2 a6 11. a4 Nbd7 12. h3 Rb8 13. Nc4 Ne5 14. Na3 Nh5 15. e4
Bd7 16. g4 Nf6 17. g5 Nh5 18. Ne2 Bxh3 19. Bxh3 Nf3+ 20. Kh1 Nxg5 21. Bxg5 Qxg5
22. Qd3 Qh4 23. f4 f5 24. e5 dxe5 25. Kg2 exf4 26. Rf3 g5 27. Bxf5 g4 28. Be6+
Rxe6 29. dxe6 gxf3+ 30. Qxf3 Qg5+ 31. Kf2 Qh4+ 32. Kg2 Re8 33. Rh1 Qg5+ 34. Kf2
Ng3 35. Rg1 Rxe6 36. Qb3 Qg4 37. Nxg3 Bd4+ 38. Kf1 Bxg1 39. Ne4 Bd4 40. Nc2
Qg1+ 41. Ke2 Qg2+ 42. Kd1 Qxe4 43. Nxd4 Qxd4+ 0-1

[Event "XVIII Festival A"]
[Site "Campobasso ITA"]
[Date "2011.07.22"]
[Round "2"]
[White "Lazarev, Vladimir"]
[Black "Gromovs, Sergejs"]
[Result "1/2-1/2"]
[WhiteElo "2445"]
[BlackElo "2303"]
[PlyCount "117"]
[EventDate "2011.07.22"]

1. d4 Nf6 2. c4 g6 3. Nc3 Bg7 4. e4 O-O 5. h3 d6 6. Bg5 c5 7. d5 a6 8. a4 Qa5
9. Bd2 Qc7 10. Bd3 e6 11. Nf3 exd5 12. cxd5 c4 13. Bc2 Nbd7 14. O-O Re8 15. Re1
Nc5 16. a5 Bd7 17. Be3 Nh5 18. Bd4 f6 19. Qd2 Qc8 20. Nh2 f5 21. Bxg7 Nxg7 22.
Qd4 Bb5 23. e5 dxe5 24. Rxe5 Rxe5 25. Qxe5 Qd7 26. Nf3 Re8 27. Qd4 Qd6 28. Rd1
Nh5 29. Nd2 Ne6 30. Nxc4 Nxd4 31. Nxd6 Nxc2 32. Ncxb5 Rb8 33. Nc7 Nf4 34. Nc4
Nb4 35. Kf1 Nfd3 36. Rd2 Rd8 37. d6 Nc5 38. f3 Nc6 39. Rd5 Nd7 40. Ne6 Rc8 41.
Nc7 Rd8 42. g4 fxg4 43. fxg4 Rf8+ 44. Kg2 Rf4 45. b3 Re4 46. Rd1 Re2+ 47. Kg3
g5 48. h4 gxh4+ 49. Kxh4 Re4 50. Nd5 Kf7 51. Rf1+ Kg7 52. Nde3 Kg6 53. Nd5 Kg7
54. Kg3 Rd4 55. Nf4 Nc5 56. Nh5+ Kg8 57. Nf6+ Kh8 58. Nh5 Kg8 59. Nf6+ 1/2-1/2

[Event "XVIII Festival A"]
[Site "Campobasso ITA"]
[Date "2011.07.22"]
[Round "2"]
[White "Meijers, Viesturs"]
[Black "Stromboli, Carlo"]
[Result "1/2-1/2"]
[WhiteElo "2492"]
[BlackElo "2304"]
[PlyCount "75"]
[EventDate "2011.07.22"]

1. Nf3 Nf6 2. c4 c5 3. Nc3 d5 4. cxd5 Nxd5 5. g3 Nc6 6. Bg2 Nxc3 7. bxc3 e5 8.
O-O Be7 9. d4 cxd4 10. cxd4 exd4 11. Bb2 Bf6 12. Ba3 Be7 13. Bxe7 Qxe7 14. Nxd4
Nxd4 15. Qxd4 O-O 16. e3 Rd8 17. Qf4 Be6 18. Qe4 Rd7 19. a4 Rad8 20. a5 Bd5 21.
Qxe7 Rxe7 22. Rfd1 Red7 23. Rac1 g6 24. Bxd5 Rxd5 25. Rxd5 Rxd5 26. Rc7 Rxa5
27. Rxb7 h5 28. h4 Ra1+ 29. Kg2 a5 30. Ra7 a4 31. Kf3 a3 32. e4 a2 33. Kf4 f6
34. Ra8+ Kf7 35. Ra6 Kg8 36. Ra7 Kf8 37. Ra8+ Kf7 38. Ra6 1/2-1/2

[Event "XVIII Festival A"]
[Site "Campobasso ITA"]
[Date "2011.07.22"]
[Round "2"]
[White "Mirzoev, Azer"]
[Black "Ljubisavljevic, Zivojin Z."]
[Result "1-0"]
[WhiteElo "2415"]
[BlackElo "2214"]
[PlyCount "89"]
[EventDate "2011.07.22"]

1. d4 Nf6 2. Nf3 e6 3. c4 c5 4. d5 b5 5. Bg5 bxc4 6. Nc3 Qa5 7. Bd2 Qb6 8. e4
Ba6 9. Be2 d6 10. Qa4+ Nbd7 11. dxe6 fxe6 12. Bxc4 Bxc4 13. Qxc4 O-O-O 14. O-O
Re8 15. b4 Qxb4 16. Qe2 Qb7 17. Rab1 Qc6 18. Rfc1 e5 19. a4 h6 20. a5 g5 21.
Ne1 g4 22. Nc2 Kd8 23. Qc4 Qc8 24. Ne3 h5 25. Nf5 Rg8 26. a6 Nb6 27. Qf7 Be7
28. Nxe7 Qd7 29. Qxf6 Qxe7 30. Qxe7+ Kxe7 31. Nb5 Ra8 32. Nxa7 Rxa7 33. Rxb6
Rga8 34. Rb7+ Rxb7 35. axb7 Rb8 36. Rb1 Kd7 37. Kf1 Kc6 38. Ke2 c4 39. Bh6 Rxb7
40. Rxb7 Kxb7 41. Kd2 Kc6 42. Kc3 d5 43. g3 Kc5 44. Bf8+ Kc6 45. Ba3 1-0

[Event "XVIII Festival A"]
[Site "Campobasso ITA"]
[Date "2011.07.22"]
[Round "2"]
[White "Mrdja, Milan"]
[Black "Marmili, Giulio"]
[Result "1-0"]
[WhiteElo "2389"]
[BlackElo "2165"]
[PlyCount "79"]
[EventDate "2011.07.22"]

1. e4 c5 2. Nf3 a6 3. c4 Nc6 4. d4 cxd4 5. Nxd4 e6 6. Nc3 Nxd4 7. Qxd4 Ne7 8.
Be3 Nc6 9. Qd2 Be7 10. Be2 O-O 11. O-O b6 12. Rfd1 Qc7 13. Rac1 Ne5 14. Na4 Rb8
15. c5 Qc6 16. Nxb6 Qxe4 17. f3 Qc6 18. b4 Rd8 19. Qe1 f6 20. Qf1 Qb7 21. Nxc8
Rdxc8 22. f4 Qe4 23. Qf2 Ng6 24. Bxa6 Qxb4 25. Bxc8 Rxc8 26. Rxd7 Qa4 27. Rd2
Nf8 28. Qe2 Qc6 29. Qc4 Ra8 30. Qb3 Nd7 31. f5 Nxc5 32. Bxc5 Bxc5+ 33. Kh1 Qb6
34. Rdc2 Qxb3 35. axb3 Bf8 36. fxe6 Re8 37. Re2 Bd6 38. g3 Kf8 39. Rc6 Ke7 40.
Rb6 1-0

[Event "XVIII Festival A"]
[Site "Campobasso ITA"]
[Date "2011.07.22"]
[Round "2"]
[White "Petruccioli, Antonio"]
[Black "Dragojlovic, Andjelko"]
[Result "0-1"]
[WhiteElo "2104"]
[BlackElo "2380"]
[PlyCount "76"]
[EventDate "2011.07.22"]

1. e4 c5 2. Nf3 g6 3. Nc3 Bg7 4. Bc4 Nc6 5. O-O e6 6. d3 Nge7 7. Bg5 d6 8. Qd2
h6 9. Bh4 a6 10. a3 g5 11. Bg3 Ng6 12. Ba2 e5 13. h3 Nf4 14. Nd5 Be6 15. c3 O-O
16. b4 Bxd5 17. exd5 Ne7 18. Bxf4 exf4 19. d4 cxd4 20. Nxd4 Rc8 21. Rac1 Ng6
22. Bb1 Qf6 23. Rfd1 Rfe8 24. c4 Re5 25. Qd3 h5 26. Nf3 Re7 27. c5 g4 28. cxd6
Rxc1 29. Rxc1 Qxd6 30. Rc8+ Bf8 31. Nd2 Re1+ 32. Kh2 g3+ 33. fxg3 fxg3+ 34.
Qxg3 Rh1+ 35. Kxh1 Qxg3 36. Nf3 Kg7 37. Be4 Bd6 38. Rc1 Nh4 0-1

[Event "XVIII Festival A"]
[Site "Campobasso ITA"]
[Date "2011.07.22"]
[Round "2"]
[White "Quarto, Silvano"]
[Black "Lattanzio, Savino"]
[Result "0-1"]
[WhiteElo "1731"]
[BlackElo "2061"]
[PlyCount "78"]
[EventDate "2011.07.22"]

1. d4 c5 2. d5 e5 3. c4 d6 4. e4 g6 5. Nc3 Bg7 6. Nf3 Ne7 7. Be2 h6 8. a3 O-O
9. O-O f5 10. Rb1 fxe4 11. Nxe4 Nf5 12. b4 b6 13. Rb3 Nd4 14. Nxd4 exd4 15. f4
Bf5 16. Nf2 h5 17. h3 h4 18. Bd3 Nd7 19. Ne4 Bxe4 20. Bxe4 Qf6 21. g3 Rae8 22.
Bc2 b5 23. Bd3 Nb6 24. bxc5 Nxc4 25. c6 Ne3 26. Bxe3 dxe3 27. Be2 hxg3 28. Bg4
Re7 29. Qe2 Kh8 30. Kg2 Qd4 31. Rd3 Qe4+ 32. Rf3 Bd4 33. Kxg3 Rxf4 34. Rxd4
Rxg4+ 35. hxg4 Qxd4 36. c7 Qe5+ 37. Kg2 Rxc7 38. Qxe3 Rc2+ 39. Kf1 Qa1+ 0-1

[Event "XVIII Festival A"]
[Site "Campobasso ITA"]
[Date "2011.07.22"]
[Round "2"]
[White "Sabia, Corrado"]
[Black "Kizov, Atanas"]
[Result "0-1"]
[WhiteElo "2191"]
[BlackElo "2393"]
[PlyCount "52"]
[EventDate "2011.07.22"]

1. g3 d5 2. Bg2 c6 3. c4 Nf6 4. Nf3 Bg4 5. Ne5 Be6 6. O-O g6 7. cxd5 Bxd5 8.
Nf3 Bg7 9. Nc3 Be6 10. h3 O-O 11. Re1 h6 12. e4 Qc8 13. Kh2 c5 14. d4 cxd4 15.
Nxd4 Rd8 16. Be3 Bc4 17. Qc1 Nbd7 18. b3 Ba6 19. Ncb5 e5 20. Qb2 exd4 21. Rac1
dxe3 22. e5 Bxb5 23. Rxc8 Raxc8 24. exf6 Nxf6 25. Qb1 exf2 26. Rd1 Be2 0-1

[Event "XVIII Festival A"]
[Site "Campobasso ITA"]
[Date "2011.07.22"]
[Round "2"]
[White "Santeramo, Domenico"]
[Black "Chicco, Giancarlo"]
[Result "1-0"]
[WhiteElo "1967"]
[BlackElo "1457"]
[PlyCount "51"]
[EventDate "2011.07.22"]

1. e4 b6 2. Nc3 Bb7 3. Bc4 e6 4. d4 d6 5. f4 g6 6. Nf3 Bg7 7. f5 exf5 8. exf5
Ne7 9. fxg6 hxg6 10. O-O d5 11. Bd3 O-O 12. Bg5 f6 13. Bd2 Nd7 14. Nh4 f5 15.
Nf3 c6 16. Bg5 Nf6 17. Ne5 Bc8 18. Ne2 Kh7 19. Nf4 Bd7 20. Rf3 Be8 21. Rh3+ Nh5
22. Nfxg6 Bxg6 23. Nxg6 Bxd4+ 24. Kh1 Kxg6 25. Qxh5+ Kg7 26. Qh7# 1-0

[Event "XVIII Festival A"]
[Site "Campobasso ITA"]
[Date "2011.07.22"]
[Round "2"]
[White "Seletsky, Grigory"]
[Black "Gaponenko, Inna"]
[Result "0-1"]
[WhiteElo "2296"]
[BlackElo "2442"]
[PlyCount "38"]
[EventDate "2011.07.22"]

1. e4 c5 2. Nf3 d6 3. d4 cxd4 4. Nxd4 Nf6 5. Nc3 g6 6. Be3 Bg7 7. f3 Nc6 8. Qd2
O-O 9. g4 Be6 10. O-O-O Rc8 11. Kb1 Qa5 12. h4 Nxd4 13. Bxd4 Rxc3 14. Qxc3
Qxa2+ 15. Kc1 Bxg4 16. Qe3 e5 17. Bc3 Bxf3 18. b3 Bxh1 19. Bb2 Ng4 0-1

[Event "XVIII Festival A"]
[Site "Campobasso ITA"]
[Date "2011.07.22"]
[Round "2"]
[White "Stromboli, Ettore"]
[Black "Collutiis, Duilio"]
[Result "1/2-1/2"]
[WhiteElo "2304"]
[BlackElo "2468"]
[PlyCount "110"]
[EventDate "2011.07.22"]

1. e4 e5 2. Nf3 Nc6 3. Bb5 Nf6 4. d3 Ne7 5. O-O c6 6. Bc4 Ng6 7. c3 Be7 8. Re1
O-O 9. Bb3 Qc7 10. Nbd2 d5 11. Nf1 dxe4 12. dxe4 Bg4 13. h3 Rad8 14. Qe2 Bc8
15. Ng3 Nd7 16. a4 Nc5 17. Bc4 a5 18. Nf5 Be6 19. Bxe6 Nxe6 20. g3 Bc5 21. Be3
Rd7 22. Rad1 Rfd8 23. Rxd7 Rxd7 24. h4 Ngf8 25. Qc4 Bxe3 26. Nxe3 f6 27. Rd1
Rxd1+ 28. Nxd1 Qb6 29. Ne1 Qc5 30. Ne3 g6 31. Nd3 Qd6 32. Kf1 Kg7 33. Ke2 Nd7
34. f3 Ndc5 35. Nxc5 Nxc5 36. Nd1 h5 37. Nf2 g5 38. Nd3 Ne6 39. Qb3 Kh6 40. Qd1
Kg7 41. Qb3 Kg6 42. Qd1 Kh6 43. Qg1 b5 44. axb5 cxb5 45. Qa7 gxh4 46. gxh4 a4
47. Qa8 Nf8 48. Qe8 Ng6 49. Qxb5 a3 50. bxa3 Qxa3 51. Qc6 Qa2+ 52. Ke3 Kg7 53.
Qd7+ Kh6 54. Qe6 Kg7 55. Qd7+ Kh6 1/2-1/2

[Event "XVIII Festival A"]
[Site "Campobasso ITA"]
[Date "2011.07.22"]
[Round "2"]
[White "Voiteanu, Gabriel"]
[Black "Ikonnikov, Vyacheslav"]
[Result "0-1"]
[WhiteElo "2313"]
[BlackElo "2553"]
[PlyCount "66"]
[EventDate "2011.07.22"]

1. d4 Nf6 2. c4 e6 3. Nf3 Bb4+ 4. Bd2 Qe7 5. a3 Bxd2+ 6. Qxd2 d6 7. Nc3 O-O 8.
e4 e5 9. d5 a5 10. Be2 a4 11. O-O Nbd7 12. Qc2 Nc5 13. Nd2 Bd7 14. b4 axb3 15.
Nxb3 Ba4 16. Nxa4 Nxa4 17. c5 Nxc5 18. Nxc5 dxc5 19. Rfb1 b6 20. Bb5 Ra5 21.
Bc6 Ne8 22. Rb5 Rxb5 23. Bxb5 Nd6 24. a4 f5 25. exf5 e4 26. Bc6 Rxf5 27. a5 e3
28. f3 e2 29. Re1 Qe3+ 30. Kh1 Ne4 31. h4 Rxf3 32. a6 Rf1+ 33. Rxf1 exf1=Q+ 0-1

[Event "XVIII Festival A"]
[Site "Campobasso ITA"]
[Date "2011.07.23"]
[Round "3"]
[White "Bove, Raffaele"]
[Black "Ficco, Corrado"]
[Result "0-1"]
[WhiteElo "1905"]
[BlackElo "2127"]
[PlyCount "93"]
[EventDate "2011.07.22"]

1. b3 e5 2. Bb2 Nc6 3. e4 Nf6 4. Nf3 Bd6 5. Bc4 O-O 6. d3 Qe7 7. O-O Na5 8.
Nbd2 c6 9. d4 Bc7 10. Bd3 b5 11. Nxe5 d6 12. Nef3 Bg4 13. h3 Bh5 14. e5 dxe5
15. dxe5 Nd5 16. Qe1 Rad8 17. g4 Bg6 18. Bxg6 fxg6 19. a4 b4 20. Kg2 Nb7 21. e6
Nc5 22. Be5 Bxe5 23. Qxe5 Qxe6 24. Rae1 Qf7 25. Ng5 Qf4 26. Nc4 h6 27. Ne6 Qxe5
28. Rxe5 Nxe6 29. Na5 Nef4+ 30. Kg3 Rde8 31. Rxe8 Rxe8 32. Nxc6 a6 33. h4 Rc8
34. Nd4 Rc3+ 35. f3 g5 36. h5 Ne3 37. Rf2 Kf7 38. Kh2 Kf6 39. Kh1 Ke5 40. Rd2
Ne6 41. Nf5 Nxf5 42. gxf5 Nd4 43. f4+ gxf4 44. Rg2 Nxf5 45. Rg6 Rxc2 46. Rxa6
Ng3+ 47. Kg1 0-1

[Event "XVIII Festival A"]
[Site "Campobasso ITA"]
[Date "2011.07.23"]
[Round "3"]
[White "Cangiano, Federico"]
[Black "Seletsky, Grigory"]
[Result "0-1"]
[WhiteElo "1957"]
[BlackElo "2296"]
[PlyCount "86"]
[EventDate "2011.07.22"]

1. d4 c5 2. e3 Nf6 3. Nf3 d6 4. Bd3 Nbd7 5. c3 g6 6. O-O Bg7 7. e4 O-O 8. h3
Qc7 9. Nbd2 b6 10. Re1 e5 11. d5 Nh5 12. Nf1 Nf4 13. Bb5 h6 14. Kh2 a6 15. Bc6
Bb7 16. Bxb7 Qxb7 17. g3 Nh5 18. Ne3 Kh7 19. Nh4 Nhf6 20. Neg2 b5 21. a4 c4 22.
Qc2 Nc5 23. axb5 axb5 24. Rxa8 Rxa8 25. f3 Nd3 26. Re2 Ra1 27. Bd2 Nd7 28. Ne1
N7c5 29. Nhg2 f5 30. Be3 fxe4 31. Bxc5 exf3 32. Nxf3 Qxd5 33. Nxe5 Nxe5 34.
Rxe5 Bxe5 35. Bb4 Qd3 36. Qf2 Qf1 37. Qxf1 Rxf1 38. Ba3 g5 39. Ne3 Rf3 40. Ng4
Bxg3+ 41. Kg2 Rd3 42. Nf6+ Kg6 43. Ne4 Be5 0-1

[Event "XVIII Festival A"]
[Site "Campobasso ITA"]
[Date "2011.07.23"]
[Round "3"]
[White "Capozzi, Virgilio"]
[Black "Doronzo, Michele"]
[Result "0-1"]
[WhiteElo "2029"]
[BlackElo "1952"]
[PlyCount "66"]
[EventDate "2011.07.22"]

1. d4 Nf6 2. c4 e6 3. Nc3 Bb4 4. g3 Bxc3+ 5. bxc3 O-O 6. Nf3 Ne4 7. Bg2 f5 8.
Qc2 c5 9. O-O Qa5 10. Bb2 Nc6 11. Rfd1 Qc7 12. Qa4 Qa5 13. Qb5 a6 14. Qb3 Qc7
15. Rac1 Na5 16. Qa4 b5 17. cxb5 axb5 18. Qc2 Nc4 19. Ra1 Qa5 20. Ne5 Nxb2 21.
Qxb2 c4 22. Bxe4 fxe4 23. e3 Qa6 24. h4 d6 25. Ng4 Bd7 26. Nh2 Qa3 27. Qc2 Bc6
28. Rd2 Rfb8 29. g4 b4 30. cxb4 Rxb4 31. Rb1 Rxb1+ 32. Qxb1 c3 33. Re2 Bd5 0-1

[Event "XVIII Festival A"]
[Site "Campobasso ITA"]
[Date "2011.07.23"]
[Round "3"]
[White "Chicco, Giancarlo"]
[Black "Distaso, Antonio"]
[Result "0-1"]
[WhiteElo "1457"]
[BlackElo "2022"]
[PlyCount "96"]
[EventDate "2011.07.22"]

1. b3 e5 2. Bb2 f6 3. g3 d5 4. Bg2 c5 5. e3 Nc6 6. d3 Be6 7. Ne2 Qd7 8. Nd2
Nge7 9. a3 g5 10. e4 d4 11. Nf3 Ng6 12. Qd2 g4 13. Nfg1 h5 14. h4 O-O-O 15. f3
gxf3 16. Nxf3 Bh6 17. Qd1 Nge7 18. Bc1 f5 19. Bxh6 fxe4 20. Ng5 exd3 21. cxd3
Rxh6 22. O-O Nd5 23. Bxd5 Bxd5 24. Kh2 Rhh8 25. Ng1 Rdf8 26. Qc2 Qe7 27. N1h3
Rxf1 28. Rxf1 Rf8 29. Rxf8+ Qxf8 30. Ne4 Bxe4 31. dxe4 b6 32. Ng5 Qf1 33. b4 c4
34. Qa4 Kd7 35. Qa6 Qf2+ 36. Kh3 Qf1+ 37. Kh2 Kc7 38. b5 c3 39. Qa4 Qf2+ 40.
Kh1 Qxg3 41. Ne6+ Kd6 42. bxc6 Qh3+ 43. Kg1 Qxe6 44. Qxa7 c2 45. Qxb6 c1=Q+ 46.
Kg2 Qg4+ 47. Kf2 Qe3+ 48. Kf1 Qgg1# 0-1

[Event "XVIII Festival A"]
[Site "Campobasso ITA"]
[Date "2011.07.23"]
[Round "3"]
[White "Collutiis, Duilio"]
[Black "Lazarev, Vladimir"]
[Result "1/2-1/2"]
[WhiteElo "2468"]
[BlackElo "2445"]
[PlyCount "72"]
[EventDate "2011.07.22"]

1. e4 c5 2. Nf3 Nc6 3. Bb5 g6 4. Bxc6 dxc6 5. d3 Bg7 6. h3 b6 7. O-O e5 8. Be3
Ne7 9. Qd2 O-O 10. Bh6 f6 11. Nc3 Be6 12. Bxg7 Kxg7 13. a3 Qd6 14. Qe3 Rfd8 15.
Ne2 Rd7 16. Rad1 Rad8 17. c3 Nc8 18. d4 Qe7 19. Rb1 Bc4 20. dxe5 fxe5 21. Rfe1
h6 22. b3 Bd3 23. Rbd1 c4 24. Nc1 Bc2 25. Rxd7 Rxd7 26. bxc4 Nd6 27. c5 Nc4 28.
Qe2 Nxa3 29. cxb6 axb6 30. Qa6 Qc5 31. Qc8 Rf7 32. Qe6 Nc4 33. Na2 Rf6 34. Qd7+
Rf7 35. Qe6 Rf6 36. Qd7+ Rf7 1/2-1/2

[Event "XVIII Festival A"]
[Site "Campobasso ITA"]
[Date "2011.07.23"]
[Round "3"]
[White "D'Aquino, Ugo"]
[Black "Sabia, Corrado"]
[Result "0-1"]
[WhiteElo "1925"]
[BlackElo "2191"]
[PlyCount "64"]
[EventDate "2011.07.22"]

1. e4 c5 2. Nf3 e6 3. d4 cxd4 4. Nxd4 Nf6 5. Nc3 d6 6. Be2 a6 7. a4 Nc6 8. Be3
Be7 9. O-O O-O 10. Nb3 b6 11. f4 Qc7 12. Bf3 Bb7 13. Qe2 Rfe8 14. Rad1 Rac8 15.
Rd2 Na5 16. Nxa5 bxa5 17. Qf2 Nd7 18. Re2 Qb8 19. Bd4 Rf8 20. Bg4 Nf6 21. Bf3
e5 22. fxe5 dxe5 23. Bb6 Nd7 24. Be3 Ba8 25. Rd1 Nf6 26. Bb6 Rc6 27. Be3 Rc4
28. Bb6 Rfc8 29. Nd5 Bxd5 30. exd5 e4 31. Ba7 Qa8 32. Bxe4 Nxe4 0-1

[Event "XVIII Festival A"]
[Site "Campobasso ITA"]
[Date "2011.07.23"]
[Round "3"]
[White "Di Meo, Antonio"]
[Black "Quarto, Silvano"]
[Result "1/2-1/2"]
[WhiteElo "1978"]
[BlackElo "1731"]
[PlyCount "74"]
[EventDate "2011.07.22"]

1. b3 e5 2. Bb2 Nc6 3. e3 d6 4. Nf3 Nf6 5. d3 Be7 6. Be2 O-O 7. c4 Bf5 8. Nh4
Bg6 9. Nxg6 fxg6 10. Nd2 Qd7 11. O-O Rae8 12. a3 a6 13. Bf3 Nd8 14. b4 c6 15.
Qc2 Ne6 16. d4 exd4 17. Bxd4 Nxd4 18. exd4 d5 19. cxd5 cxd5 20. Rac1 Rc8 21.
Qb3 Rc6 22. Rfe1 Rfc8 23. Rxc6 Rxc6 24. Qe3 Kf7 25. g3 Re6 26. Qxe6+ Qxe6 27.
Rxe6 Kxe6 28. Kf1 Kd6 29. Ke2 Nd7 30. Kd3 Bf6 31. Nb1 b5 32. Nc3 Nb6 33. h4 Be7
34. Bg2 Bf6 35. Bh3 Be7 36. Bg4 Bf6 37. Bd1 Be7 1/2-1/2

[Event "XVIII Festival A"]
[Site "Campobasso ITA"]
[Date "2011.07.23"]
[Round "3"]
[White "Di Muccio, Lindoro"]
[Black "Voiteanu, Gabriel"]
[Result "0-1"]
[WhiteElo "1964"]
[BlackElo "2313"]
[PlyCount "120"]
[EventDate "2011.07.22"]

1. d4 Nf6 2. c4 g6 3. Nc3 d5 4. cxd5 Nxd5 5. e4 Nxc3 6. bxc3 Bg7 7. Nf3 c5 8.
Bb5+ Bd7 9. Bxd7+ Qxd7 10. O-O Nc6 11. d5 Na5 12. Qc2 b5 13. Bf4 Nc4 14. Rad1
e5 15. dxe6 Qxe6 16. Rd5 Rc8 17. Rfd1 O-O 18. Rd7 Qf6 19. Bg5 Qxc3 20. Qxc3
Bxc3 21. Bh6 Bg7 22. Bxg7 Kxg7 23. Ng5 Kg8 24. Rxa7 Rfd8 25. Rxd8+ Rxd8 26. g3
Ne5 27. f4 h6 28. Nh3 Rd1+ 29. Kf2 Ng4+ 30. Ke2 Rh1 31. Kf3 f5 32. Ra8+ Kf7 33.
Ra7+ Kf8 34. Ra8+ Ke7 35. Ra7+ Kd8 36. Ra8+ Kc7 37. exf5 gxf5 38. Rf8 Rf1+ 39.
Ke2 Ra1 40. Rxf5 Rxa2+ 41. Kf3 Nxh2+ 42. Ke4 Kb6 43. Rf6+ Ka5 44. Rxh6 b4 45.
f5 b3 46. Kd3 Rg2 47. Rh8 Kb4 48. Rb8+ Ka3 49. Ra8+ Kb2 50. Nf4 Rxg3+ 51. Ke4
c4 52. f6 Nf3 53. Ne2 Ng5+ 54. Kf4 Rg2 55. Nd4 Nh7 56. Kf5 Rf2+ 57. Ke6 Ng5+
58. Ke5 Nf3+ 59. Nxf3 Rxf3 60. Ke6 c3 0-1

[Event "XVIII Festival A"]
[Site "Campobasso ITA"]
[Date "2011.07.23"]
[Round "3"]
[White "Dragojlovic, Andjelko"]
[Black "Mirzoev, Azer"]
[Result "0-1"]
[WhiteElo "2380"]
[BlackElo "2415"]
[PlyCount "67"]
[EventDate "2011.07.22"]

1. e4 e5 2. Nf3 Nc6 3. Bc4 Bc5 4. c3 Nf6 5. b4 Bb6 6. d3 d6 7. a4 a6 8. h3 Ne7
9. O-O Ng6 10. Be3 c6 11. a5 Bxe3 12. fxe3 d5 13. exd5 cxd5 14. Bb3 O-O 15.
Nbd2 h6 16. Qe1 Be6 17. Nh4 Nxh4 18. Qxh4 Rc8 19. Rac1 Re8 20. Ba4 Bd7 21. Bxd7
Qxd7 22. Nb3 Qb5 23. Qg3 Re6 24. Nc5 Rxc5 25. bxc5 Qxd3 26. Rb1 Ne4 27. Qe1
Nxc5 28. Rb4 Re7 29. Rf2 Ne4 30. Rfb2 Rc7 31. Rxb7 Rxc3 32. Rd7 Qc4 33. Kh2 Rc1
34. Qe2 0-1